[Event "HUN-ch U18"]
[Site "Miskolc"]
[Date "2004.07.10"]
[Round "6"]
[White "Vitanyi, Lajos"]
[Black "Balogh, Laszlo"]
[Result "0-1"]
[WhiteElo "1438"]
[BlackElo "2131"]
[PlyCount "30"]
[EventDate "2004.07.05"]
[EventType "swiss"]
[EventRounds "9"]
[EventCountry "HUN"]
[SourceTitle "EXT 2008"]
[Source "ChessBase"]
[SourceDate "2007.11.25"]
[SourceVersion "1"]
[SourceVersionDate "2007.11.25"]
[SourceQuality "1"]

1. e4 c5 2. Nf3 Nc6 3. Nc3 e6 4. d4 cxd4 5. Nxd4 Nf6 6. Nxc6 bxc6 7. Bg5 Bb4 8. Qd3 Qa5 9. Bxf6 gxf6 10. Be2 Ba6 11. Qf3 Bxc3+ 12. Qxc3 Qxc3+ 13. bxc3 Bxe2 14. Kxe2 Rb8 15. Rab1 Ke7 0-1